Geography Quiz

Random Geography or World Quiz

Most Populous 'E' Cities by Continent Quiz Stats

 Plays Quiz Updated Nov 10, 2019

Score 0/5 Timer 02:00
12 Plays Today
% Correct
Essen
94.1%
Erbil
29.1%
Ecatepec de Morelos
18.2%
El Alto
14.9%
Enugu
9%

You're not logged in!

Compare scores with friends on all Sporcle quizzes.
OR
Log In

Sporcle TV

Today on Sporcle TV


Watch our educational content, quiz creation guides, and fun videos on Sporcle TV.

Show Comments

Extras

Top Quizzes Today


Score Distribution

Your Account Isn't Verified!

In order to create a playlist on Sporcle, you need to verify the email address you used during registration. Go to your Sporcle Settings to finish the process.

Report this User

Report this user for behavior that violates our Community Guidelines.

Details: